书目信息 |
| 题名: |
数字测图原理与方法
|
|
| 作者: | 何荣 , 李长春 主编 | |
| 分册: | ||
| 出版信息: | 北京 应急管理出版社 2019.10 |
|
| 页数: | 309页 | |
| 开本: | 26cm | |
| 丛书名: | 测绘与国土信息系列 | |
| 单 册: | ||
| 中图分类: | P231.5 | |
| 科图分类: | ||
| 主题词: | 数字化测图--shu zi hua ce tu--高等教育--教材 | |
| 电子资源: | ||
| ISBN: | 978-7-5020-7668-9 | |
| 000 | 01355nam 2200349 45 | |
| 001 | 012001000157 | |
| 005 | 20211012142241.95 | |
| 010 | @a978-7-5020-7668-9@dCNY45.00 | |
| 099 | @aCAL 012020272127 | |
| 100 | @a20200722d2019 em y0chiy50 ea | |
| 101 | 0 | @achi |
| 102 | @aCN@b110000 | |
| 105 | @ay a 000yy | |
| 106 | @ar | |
| 200 | 1 | @a数字测图原理与方法@Ashu zi ce tu yuan li yu fang fa@f主编何荣, 李长春 |
| 205 | @a第2版 | |
| 210 | @a北京@c应急管理出版社@d2019.10 | |
| 215 | @a309页@d26cm | |
| 225 | 2 | @a测绘与国土信息系列@Ace hui yu guo tu xin xi xi lie |
| 320 | @a有书目 (第309页) | |
| 330 | @a全书包括十二章内容: 第一章 绪论, 第二章 测量的基本知识, 第三章 水准测量, 第四章 角度测量与距离测量, 第五章 测量误差的基本知识, 第六章 小区域控制测量, 第七章 地形图的基本知识, 第八章 数字地形图绘图基础, 第九章 大比例尺数字地形图的数据采集, 第十章 数字地形图的绘制方法, 第十一章 无人机测图技术, 第十二章 数字地形图的应用。 | |
| 333 | @a普通高等教育“十三五”规划教材 | |
| 410 | 0 | @12001 @a测绘与国土信息系列 |
| 461 | 0 | @12001 @a测绘与国土信息系列 |
| 606 | 0 | @a数字化测图@Ashu zi hua ce tu@x高等教育@j教材 |
| 690 | @aP231.5@v5 | |
| 701 | 0 | @a何荣@Ahe rong@4主编 |
| 701 | 0 | @a李长春@Ali chang chun@4主编 |
| 801 | 0 | @aCN@bBJSDL@c20211011 |
| 905 | @b1330600-3@dP231.5@e358=2@f4 | |
| 921 | @aBMQZ@bRTBOOK | |
| 998 | @aRTBOOK | |
| 数字测图原理与方法/主编何荣, 李长春.-第2版.-北京:应急管理出版社,2019.10 |
| 309页;26cm.-(测绘与国土信息系列) |
| 使用对象:普通高等教育“十三五”规划教材 |
| ISBN 978-7-5020-7668-9:CNY45.00 |
| 全书包括十二章内容: 第一章 绪论, 第二章 测量的基本知识, 第三章 水准测量, 第四章 角度测量与距离测量, 第五章 测量误差的基本知识, 第六章 小区域控制测量, 第七章 地形图的基本知识, 第八章 数字地形图绘图基础, 第九章 大比例尺数字地形图的数据采集, 第十章 数字地形图的绘制方法, 第十一章 无人机测图技术, 第十二章 数字地形图的应用。 |
| ● |
| 相关链接 |
|
|
|
|
正题名:数字测图原理与方法
索取号:P231.5/358=2
 
预约/预借
| 序号 | 登录号 | 条形码 | 馆藏地/架位号 | 状态 | 备注 |
| 1 | 1330600 | 213306000 | 第二样本阅览室/ [索取号:P231.5/358=2] | 在馆 | |
| 2 | 1330601 | 213306019 | 第三借阅区/ [索取号:P231.5/358=2] | 在馆 | |
| 3 | 1330602 | 213306028 | 第三借阅区/ [索取号:P231.5/358=2] | 在馆 | |
| 4 | 1330603 | 213306037 | 第三借阅区/ [索取号:P231.5/358=2] | 在馆 |